Catálogo - Centro de Recursos para el Aprendizaje y la Investigación

Volver al Sitio - CRAI Biblioteca

Escuela de belleza de Kabul / (Registro nro. 114647)

Detalles MARC
000 -CABECERA
campo de control de longitud fija 02651nam a2200337 4500
001 - NÚMERO DE CONTROL
campo de control 114647
003 - IDENTIFICADOR DEL NÚMERO DE CONTROL
campo de control DR-UNIBE
005 - FECHA Y HORA DE LA ÚLTIMA TRANSACCIÓN
campo de control 20260513114518.0
008 - DATOS DE LONGITUD FIJA--INFORMACIÓN GENERAL
campo de control de longitud fija 260513b2008 sp ||||| |||| 00| 0 spa d
020 ## - NÚMERO INTERNACIONAL ESTÁNDAR DEL LIBRO
Número Internacional Estándar del Libro 8483650614
020 ## - NÚMERO INTERNACIONAL ESTÁNDAR DEL LIBRO
Número Internacional Estándar del Libro 9788483650615
040 ## - FUENTE DE LA CATALOGACIÓN
Centro catalogador/agencia de origen BIBLIOTECA UNIBE
Lengua de catalogación spa
Centro/agencia transcriptor BIBLIOTECA UNIBE
041 ## - CÓDIGO DE LENGUA
Código de lengua del texto/banda sonora o título independiente spa
082 ## - NÚMERO DE LA CLASIFICACIÓN DECIMAL DEWEY
Número de edición 22
Número de clasificación 305.4869709581 R696e
100 10 - ENTRADA PRINCIPAL--NOMBRE DE PERSONA
9 (RLIN) 204915
Nombre de persona Rodríguez-Turner, Deborah
Término indicativo de función/relación autor
100 10 - ENTRADA PRINCIPAL--NOMBRE DE PERSONA
9 (RLIN) 204916
Nombre de persona Ohlson, Kristin,
Fechas asociadas al nombre 1951-
Término indicativo de función/relación autor
240 10 - TÍTULO UNIFORME
Título uniforme Kabul beauty school.
Lenguaje de la obra Español
245 10 - MENCIÓN DE TÍTULO
Título Escuela de belleza de Kabul /
Mención de responsabilidad, etc. Deborah Rodríguez-Turner, Kristin Ohlson
250 ## - MENCIÓN DE EDICIÓN
Mención de edición Primera edición
260 ## - PUBLICACIÓN, DISTRIBUCIÓN, ETC.
Lugar de publicación, distribución, etc. Madrid :
Nombre del editor, distribuidor, etc. Suma de Letras :
-- Santillana Ediciones Generales, S.A.,
Fecha de publicación, distribución, etc. 2008
300 ## - DESCRIPCIÓN FÍSICA
Extensión 356 páginas ;
Dimensiones 25 cm
500 ## - NOTA GENERAL
Nota general Traducción de: Kabul beauty school
520 3# - SUMARIO, ETC.
Sumario, etc. Tras la caída del régimen talibán, Deborah Rodríguez, peluquera y madre de dos hijos, viajó a Afganistán como parte de un grupo de ayuda humanitaria. Una vez allí, no sabía muy bien lo que ella podría ofrecer a este país destrozado por la guerra. Pero pronto descubrió que su profesión, más que un obstáculo, era una bendición, y en cuanto se corrió la voz de que una peluquera había llegado a Kabul, todos, occidentales y afganos, querían pedir cita para un buen corte de pelo. Y así nació la idea... Con la ayuda de empresas y patrocinadores internacionales, la Escuela de Belleza de Kabul, con Rodríguez al mando, impartió su primera clase en 2003. Un lugar este en el que superar las barreras culturales y los retos que ofrecía un país en posguerra. Un lugar que se convirtió en refugio para unas mujeres que no sólo aprendieron a peinar y a maquillar, sino también a abrir su corazón y a compartir sus increíbles y, a veces, enternecedoras historias. Fue así como esta peluquera norteamericana encontró fuerzas para romper con un matrimonio enfermizo y encontrar un nuevo amor, esta vez al estilo afgano. Con cariño y humor, Deborah Rodríguez detalla la exuberancia de una región aparentemente desolada y revela la magnificencia que hay detrás del burka en esta conmovedora historia real.
610 20 - PUNTO DE ACCESO ADICIONAL DE MATERIA--NOMBRE DE ENTIDAD CORPORATIVA
Nombre de entidad corporativa o nombre de jurisdicción como elemento de entrada Kabul Beauty School
9 (RLIN) 204918
650 #7 - PUNTO DE ACCESO ADICIONAL DE MATERIA--TÉRMINO DE MATERIA
Fuente del encabezamiento o término lemb
Término de materia o nombre geográfico como elemento de entrada Mujeres
Subdivisión geográfica Afganistán
-- Kabul
Subdivisión general Vida social y costumbres
Subdivisión cronológica Siglo XXI
9 (RLIN) 204926
650 #7 - PUNTO DE ACCESO ADICIONAL DE MATERIA--TÉRMINO DE MATERIA
Fuente del encabezamiento o término lemb
Término de materia o nombre geográfico como elemento de entrada Mujeres musulmanas
Subdivisión geográfica Afganistán
-- Kabul
Subdivisión general Condiciones sociales
Subdivisión cronológica Siglo XXI
9 (RLIN) 204927
650 #7 - PUNTO DE ACCESO ADICIONAL DE MATERIA--TÉRMINO DE MATERIA
Fuente del encabezamiento o término lemb
Término de materia o nombre geográfico como elemento de entrada Salones de belleza
Subdivisión general Aspectos sociales
Subdivisión geográfica Afganistán
-- Kabul
9 (RLIN) 204928
651 #7 - PUNTO DE ACCESO ADICIONAL DE MATERIA--NOMBRE GEOGRÁFICO
Nombre geográfico Kabul (Afganistán)
Subdivisión general Vida social y costumbres
Subdivisión cronológica Siglo XXI
9 (RLIN) 204922
700 10 - PUNTO DE ACCESO ADICIONAL--NOMBRE DE PERSONA
9 (RLIN) 204917
Nombre de persona Murillo Fort, Isabel
Término indicativo de función/relación traductor
942 ## - ELEMENTOS DE PUNTO DE ACCESO ADICIONAL (KOHA)
Fuente del sistema de clasificación o colocación Sistema de Clasificación Decimal Dewey
Tipo de ítem Koha Libro (general)
Existencias
Estado de retiro Estado de pérdida Fuente del sistema de clasificación o colocación No para préstamo Código de colección Localización permanente Fecha de adquisición Total de préstamos Signatura topográfica completa Código de barras Fecha visto por última vez Número de copia Precio válido a partir de Tipo de ítem Koha
  Disponible Sistema de Clasificación Decimal Dewey   General Biblioteca Central UNIBE 13/03/2026   305.4869709581 R696e 260244 13/05/2026 Ej. 1 13/05/2026 Libro (general)